000 00542nam a2200181Ia 4500
001 28639
008 140415s9999 xx 000 0 und d
020 _a0-931050-53-7
040 _cPK-LaUMT
082 _a 378.12
_bINT-
100 _aPhilip G. Altbach
245 4 _aThe international academic profession
_bportraits of fourteen countries
_cPhilip G. Altbach
260 _aPrinceton,USA:
_bThe Carnegie Foundations,
_c1996
300 _a762 p.
546 _aEN
650 _aCollege teachers-Attitudes-Cross-cultural studies
942 _cBK
999 _c28766
_d28766